Statistics for Smallest Country in...

Click here to take the quiz!

General Stats

  • This quiz has been taken 102 times
  • The average score is 10 of 14

Answer Stats

Smallest Country in ...Country% Correct
EuropeVatican City
97%
Nordic countriesDenmark
85%
South AmericaSuriname
82%
-Stan countriesTajikistan
82%
Oceania Nauru
81%
BeneluxLuxembourg
78%
Central AmericaEl Salvador
72%
Touching Mediterranean seaMonaco
72%
BalkansKosovo
70%
North AmericaSaint Kitts and Nevis
70%
AfricaSeychelles
68%
AsiaMaldives
63%
Touching Black seaGeorgia
60%
Touching Red Sea properDjibouti
56%

Score Distribution

Percentile by Number Answered

Percent of People with Each Score

Your Score History

You have not taken this quiz